Oceans and seas - how many do you know? A difficult quiz here! - Statistics

General Stats
  • This quiz has been taken 2,230 times
  • The average score is 21 of 53
Answer Stats
Hint Answer % Correct
One of the great oceans Atlantic Ocean
99%
Another one of the great oceans Pacific Ocean
99%
And one more of the great oceans Indian Ocean
96%
Nordic ocean Arctic Ocean
82%
The darkest of all Seas Black Sea
76%
Saudi Arabia has the longest coastline on this sea Red Sea
76%
North of south America Caribbean Sea
71%
Southern US coast Gulf of Mexico
69%
Helgoland did not vanish from here as initially planned North Sea
66%
Canada's north, same name as New York's river Hudson Bay
65%
Gotland and Bornholm Baltic Sea
62%
1,001 Dalmatian islands Adreatic Sea
58%
Around the Aleutian islands Bering Sea
58%
Lots of disputed islands, rocks and banks there east of Vietnam South China Sea
56%
Mykonos, Crete, an array of beautiful islands Aegean Sea
53%
Links India with Oman and even Somalia Arabian Sea
50%
Vladivostok to Honshu Sea of Japan
50%
Tazzie devils looking towards NZ Tasman Sea
49%
A big one, east of India, infamous for storms Bay of Bengal
47%
Rich in oil and rich in controversy over its name & a few UAE/Iranian islands Persian Gulf
47%
Ex oriente sea... around China East China Sea
41%
The northern Pyrenees fall into it Bay of Biscay
40%
Pirate country south of Nigeria Gulf of Guinea
34%
Entrance to one of the world's biggest canals Gulf of Suez
34%
Separates Pelopponese from Sicily Ionian Sea
34%
South of Anchorage Gulf of Alaska
33%
Between Australia and a French island Coral Sea
32%
Computer users need it daily. And people in Jakarta can swim here Java Sea
31%
Nicobar and... Andaman Sea
30%
Between Greenland and Svalbard Greenland Sea
29%
Cabo San Lucas anyone? Gulf of California
29%
Pure pirate territory Gulf of Aden
28%
Between Jan Mayen and Narvik Norwegian Sea
28%
From Çanakkale to Istanbul Sea of Marmara
28%
A Russian submarine drowned there Barents Sea
26%
Kuril Islands and Kamchatka Sea of Okhotsk
24%
Sultan Qaboos overlooks it from his palace Gulf of Oman
23%
Canada's southeast Gulf of St Lawrence
23%
Pretty cold and east of Novaya Zemlya Kara Sea
23%
River Don dumps its waters into this sea Sea of Azov
23%
Between Dili and Darwin Timor Sea
23%
Capri and Ischia stick out of it Tyrrhenian Sea
22%
Ibiza party town Balearic Sea
21%
West of the Philippines. 1966 Star Trek crew member Sulu Sea
21%
The Kolyma River ends up here. When it's not frozen. East Siberian Sea
20%
A tricky one south of the Philippines Celebes Sea
19%
Easily spanning from Albany to Adelaide Great Australian Bight
19%
West of Tuscany Ligurian Sea
17%
Between Morocco and Spain (NOT Straight of...) Alboran Sea
15%
West of Sri Lanka Laccadive Sea
14%
Lawrence of Arabia made the city at its northern end famous Gulf of Aqaba
12%
Western entrance to the most famous isthmus in Greece Gulf of Corinth
10%
Muammar Al Ghaddafi anyone? Gulf of Sirte
5%
No matching quizzes found
Score Distribution
Percent of People with Each Score
Percentile by Number Answered
Your Score History
You have not taken this quiz